| 000 | 00777nam a2200181Ia 4500 | ||
|---|---|---|---|
| 001 | 1586 | ||
| 003 | GE_BSU | ||
| 008 | 181216s||||||||xx |||||||||||||| ||und|| | ||
| 040 | _cGE_BSU | ||
| 080 | _a331.5+349.2 | ||
| 245 | _aუსაფრთხოების ტექნიკის წესები სატელეფონო, სატელეგრაფო, საერთაშორისო სადგურებისა და საჰაერო საკაბელო ხაზებზე მუშაობის დროს. | ||
| 260 | _aბათუმი | ||
| 260 | _c2006. | ||
| 300 | _a47გვ;20სმ. | ||
| 541 | _h2 ლ. | ||
| 653 | _aუსაფრთხოების ტექნიკის წესები. | ||
| 942 | _cBK | ||
| 999 |
_c35713 _d35713 |
||